00475nam a2200109Ia 4500008004100000100002800041245012100069260006300190300002000253650001700273856007500290160712s9999 xx 000 0 und d aCasambre, Athena Lydia. cAthena Lydia CasambreaLearning from the Ground Up: Global Perspectives on Social Movements and Knowledge Production c2011bKasarinlan Philippine Journal of Third World Studies avol. 26 no. 1-2 xINDEPENDENCE uhttp://journals.upd.edu.ph/index.php/kasarinlan/issue/view/331/showToc